书目信息 |
| 题名: |
农村测绘土仪器
|
|
| 作者: | ;丁延暻 , 廖煜修 编 | |
| 分册: | ||
| 出版信息: | 北京 测绘出版社 1978 |
|
| 页数: | 52页 | |
| 开本: | 19cm | |
| 丛书名: | 农村科学实验丛书 | |
| 单 册: | ||
| 中图分类: | P204 | |
| 科图分类: | ||
| 主题词: | 测绘仪器-农村--应用 , 农村-测绘仪器--应用 | |
| 电子资源: | ||
| ISBN: | 15039.新66 | |
| 000 | 00758oam2 2200277 450 | |
| 001 | 0178006191 | |
| 005 | 20100712215449.0 | |
| 010 | @a15039.新66@dCNY0.16 | |
| 091 | @a15039.新66 | |
| 100 | @a19950726d1978 em y0chiy0110 ea | |
| 101 | 0 | @achi |
| 102 | @aCN@b110000 | |
| 105 | @ay z 000yy | |
| 106 | @ar | |
| 200 | 1 | @a农村测绘土仪器@9Nong Cun Ce Hui Tu Yi Qi @f丁延暻,廖煜修编 |
| 210 | @a北京@c测绘出版社@d1978 | |
| 215 | @a52页@d19cm | |
| 225 | 2 | @a农村科学实验丛书 |
| 461 | 0 | @12001 @a农村科学实验丛书 |
| 606 | 0 | @a测绘仪器-农村@x应用 |
| 606 | 0 | @a农村-测绘仪器@x应用 |
| 690 | @aP204@v3 | |
| 711 | 02 | @a丁延暻@9ding yan jing@4编 |
| 711 | 02 | @a廖煜修@9liao yu xiu@4编 |
| 801 | 0 | @aCN@bAzMarc@c20130904 |
| 905 | @aBZT@dP204@e1@f6@sP204/1 | |
| 农村测绘土仪器/丁延暻,廖煜修编.-北京:测绘出版社,1978 |
| 52页;19cm.-(农村科学实验丛书) |
| ISBN 15039.新66:CNY0.16 |
| ● |
| 相关链接 |
|
|
|
正题名:农村测绘土仪器
索取号:P204/1
 
预约/预借
| 序号 | 登录号 | 条形码 | 馆藏地/架位号 | 状态 | 备注 |
| 1 | 2000078234 | 2000078234 | 旧书回溯/ [索取号:P204/1] | 在馆 | |
| 2 | 2000078235 | 2000078235 | 旧书回溯/ [索取号:P204/1] | 在馆 | |
| 3 | 2000078236 | 2000078236 | 旧书回溯/ [索取号:P204/1] | 在馆 | |
| 4 | 2000078237 | 2000078237 | 旧书回溯/ [索取号:P204/1] | 在馆 | |
| 5 | 2000080053 | 2000080053 | 旧书回溯/ [索取号:P204/1] | 在馆 | |
| 6 | 2000115889 | 2000115889 | 旧书回溯/ [索取号:P204/1] | 在馆 |